Answer Smash - Statistics

General Stats
  • This quiz has been taken 265 times
  • The average score is 15 of 30
Answer Stats
Hint Answer % Correct
By what endemic bird's name are New Zelanders colloquially known? Kiwi
79%
Who did Queen Elizabeth II overtake as the longest ruling english monarch on September 9th, 2015? Queen Victoria
78%
What online encyclopedia was founded in 2001 by Jimmy Wales and Larry Sanger? Wikipedia
77%
Which former english midfielder married Victoria Adams (Posh Spice) in 1999? David Beckham
73%
Big Macs and Whoppers are examples of which foodstuff, whose name is derived from a german city? Hamburger
73%
Which ex-governor of Alaska ran as John McCain vice presidential running mate against Barack Obama on 2008, making it the second female vice presidential nominee of a major party? Sarah Palin
71%
What defensive fortification was built in England between 122 and 127 AD under the roman emperor it is named after? Hadrian's Wall
69%
In the movie "The Lion King", what species is Timon a part of? Meerkat
67%
What noun qualifies a word, sentence or number that can be read both forward and backwards? Palindrome
66%
Which superhero, who can shrink at will, is portrayed by Paul Rudd in the Marvel Cinematic Universe? Ant-Man
65%
Kiwi + Wikipedia Kiwikipedia
62%
Which former LA Lakers basketball player, nicknamed Black Mamba, died alongside his daughter Gianna in an helicopter crash in 2020? Kobe Bryant
62%
Which 1998 single from Michael Jackson include the lyrics "Annie, are you OK?" in the chorus? Smooth Criminal
62%
Sarah Palin + Palindrome Sarah Palindrome
58%
David Beckham + Hamburger David Beckhamburger
55%
Which Agatha Christie play has been running continuously in London's West End from 1952 to march 2020 and has been played 29 500 times (and counting) as of February 2024 ? The mousetrap
54%
Kobe Bryant + Ant-Man Kobe Bryant-Man
52%
Who painted "Girl with a Pearl Earing"? Johannes Vermeer
49%
By what other name, derived from the latin for "to seize or take by force" are birds of prey known? Raptor
48%
What is the capital of Suriname? Paramaribo
45%
Johannes Vermeer + Meerkat Johannes Vermeerkat
41%
What major venetian tourist attraction, completed in 1591, is the oldest bridge spanning the Grand Canal? Rialto Bridge
33%
What organelle is used to translate genetic code from messenger RNA (mRNA) into chains of amino acids (proteins)? Ribosome
30%
The mousetrap + Raptor The mousetraptor
30%
Queen Victoria + Rialto Queen Victorialto Bridge
28%
Paramaribo + Ribosome Paramaribosome
27%
What investing subredit made the news in 2021 after it made GameStop shares skyrocket? Wall Street Bets
22%
Hadrian's Wall + Wall Street Bets Hadrian's Wall Street Bets
20%
What medication is commonly used to restore breathing after an opioid overdose? Naloxone
13%
Smooth criminal + Naloxone Smooth Criminaloxone
12%
No matching quizzes found
Score Distribution
Percent of People with Each Score
Percentile by Number Answered
Your Score History
You have not taken this quiz